000 00430nam a22001817a 4500
003 NUST
020 _a9788126552337
038 _aKhadija
082 _a629.83
_bGOL
100 _aGolnaraghi, Farid
_987196
245 _aAutomatic Control System /
_cFarid Golnaraghi
250 _a9th ed.
260 _aNew Delhi :
_bWiley,
_c2015.
300 _a786 p. ;
_b25 cm.
500 _aPaperback.
563 _aPB
942 _cBK
_2ddc
999 _c33689
_d33689